000
00240nam a2200097Ia 4500
005
20251222114403.0
008
251222s1900||||xx |||||||||||||| ||spa||
082
_a
DVD0040/L91/T.5
245
0
_a
Lost: La primera temporada completa:
942
_c
DVD
999
_c
1735
_d
1735